Umělecké památky Brna /

Hlavní autor: Dostál, Eugen, 1889-1943
Jazyk: Čeština
Vydáno: Praha : Jan Štenc, 1928
Témata:
Externí odkaz: Digitalizovaný dokument
Fyzický popis: 166 stran : ilustrace ; 20 cm
Knihy
Uloženo v:
LEADER 01879nam a22004572i 4500
001 000411472
003 CZ BrMZK
005 20240715093956.0
007 ta
008 990307s1928 xr a f 001 0 cze d
015 |a cnb000932591 
020 |q (Vázáno) 
035 |a (OCoLC)2475620 
040 |a ABA001  |b cze  |c ULG001  |d ABA001  |d BOA001  |e rda 
043 |a e-xr---  |b e-xr-jm  |2 czenas 
072 7 |a 72  |x Architektura  |2 Konspekt  |9 21 
080 |a 72:904  |2 MRF 
080 |a 72/76:904  |2 MRF 
080 |a (437.322)  |2 MRF 
080 |a (048.8)  |2 MRF 
100 1 |a Dostál, Eugen,  |d 1889-1943  |7 jk01022784  |4 aut 
245 1 0 |a Umělecké památky Brna /  |c Eugen Dostál 
264 1 |a Praha :  |b Jan Štenc,  |c 1928 
300 |a 166 stran :  |b ilustrace ;  |c 20 cm 
336 |a text  |b txt  |2 rdacontent 
337 |a bez média  |b n  |2 rdamedia 
338 |a svazek  |b nc  |2 rdacarrier 
500 |a Obsahuje rejstříky 
650 0 7 |a architektonické památky  |7 ph118585  |z Česko  |2 czenas 
650 0 7 |a umělecké památky  |7 ph126896  |z Česko  |2 czenas 
651 7 |a Brno (Česko)  |7 ge134084  |2 czenas 
655 7 |a monografie  |7 fd132842  |2 czenas 
856 4 1 |u https://www.digitalniknihovna.cz/mzk/uuid/uuid:a3f76d70-ed11-11ea-87fa-005056827e52  |y Digitalizovaný dokument  |x NDK 
910 |a BOA001  |b PK-II-0013.221  |b 2-0113.122 
920 |a 000211792 
990 |a BK 
996 6 |b 2619866926  |c 2-0113.122  |l MZK  |r Sklad / do 24 hodin  |n 21  |w 000411472  |u 000060  |a 1  |e BOA001  |j MZK50  |s P 
996 7 |b 2619881792  |c 2-0113.122  |l MZK  |r Sklad / do 24 hodin  |n 26  |w 000411472  |u 000050  |a 1  |e BOA001  |j MZK50  |s A 
996 7 |b 2619895309  |c 2-0113.122  |l MZK  |r Sklad / do 24 hodin  |n 26  |w 000411472  |u 000040  |a 1  |e BOA001  |j MZK50  |s A 
996 6 |b 2619918607  |c 2-0113.122  |l MZK  |r Sklad / do 24 hodin  |n 41  |w 000411472  |u 000030  |a 1  |e BOA001  |j MZK50  |s P 
996 7 |b 3119823669  |c PK-II-0013.221  |l MZK  |r Sklad / do 1 hodiny  |n 38  |w 000411472  |u 000010  |a 1  |e BOA001  |j MZK50  |s A